000 00777cam a2200301 4500500
005 20260329005118.0
041 _afre
042 _adc
100 1 0 _aLarmagnac-Matheron, Octave
_eauthor
245 0 0 _aWanderlust
260 _c2022.
500 _a87
690 _aAilleurs
690 _aAllemand
690 _aAventure
690 _aContemplation
690 _aÉlan vital
690 _aGoethe
690 _aIdéal
690 _aIntraduisible
690 _aJoie
690 _aMarche
690 _aNature
690 _apaysage
690 _aRomantisme
786 0 _nPhilosophie magazine | 161 | 8 | 2022-07-01 | p. 47-47 | 1951-1787
856 4 1 _uhttps://shs.cairn.info/magazine-philosophie-magazine-2022-8-page-47?lang=fr&redirect-ssocas=7080
999 _c1840387
_d1840387